[Event "Druzynowe Mistrzostwa Polski Juniorow - Ekstraliga 2018"]
[Site "Kudowa-Zdroj"]
[Date "1899-12-30"]
[Round "8.13"]
[White "Kosakowski, Jakub"]
[Black "Gazik, Viktor"]
[Result "0-1"]
[WhiteTitle "FM"]
[BlackTitle "IM"]
[WhiteElo "2324"]
[BlackElo "2501"]

1. e4 c5 2. Nf3 d6 3. d4 Nf6 4. Nc3 cxd4 5. Nxd4 a6 6. h3 e6 7. g4 Nfd7 8. Bg2
Be7 9. Be3 Nc6 10. Qe2 O-O 11. O-O-O Nxd4 12. Bxd4 b5 13. e5 d5 14. f4 Nb6 15.
Qf2 Nc4 16. b3 Na3 17. f5 b4 18. Na4 Bh4 19. Qf3 Qc7 20. Qd3 Bd7 21. Nc5 Rfc8
22. Rd2 Bg5 23. h4 Bf4 24. Re1 Nb5 25. Bf2 Qa5 26. Na4 Rc3 0-1

[Event "Druzynowe Mistrzostwa Polski Juniorow - Ekstraliga 2018"]
[Site "Kudowa-Zdroj"]
[Date "1899-12-30"]
[Round "8.14"]
[White "Godzwon, Iwo"]
[Black "Pytel, Maciej"]
[Result "1-0"]
[WhiteTitle "k"]
[BlackTitle "I++"]
[WhiteElo "2218"]
[BlackElo "2051"]

1. e4 c5 2. Nf3 e6 3. d4 cxd4 4. Nxd4 a6 5. c4 Nf6 6. Nc3 Qc7 7. Be2 b6 8. f4 Bb7
9. Qd3 Bb4 10. Bf3 Bxc3+ 11. bxc3 d6 12. Ba3 Nbd7 13. Nb3 Nc5 14. Bxc5 dxc5 15.
e5 Rd8 16. Qe3 Ng8 17. O-O Ne7 18. Bxb7 Qxb7 19. Rad1 O-O 20. Rd3 Rd7 21. Rfd1
Rfd8 22. g3 h5 23. Rxd7 Rxd7 24. Rd3 Nf5 25. Qd2 Rxd3 26. Qxd3 Qc6 27. Nc1 b5
28. Qe2 b4 29. cxb4 cxb4 30. Nb3 a5 31. Qd3 a4 32. Nd2 Qc5+ 33. Kf1 Ne3+ 34. Ke2
Ng4 35. Ne4 Qg1 36. Qd8+ Kh7 37. Ng5+ Kg6 38. Qd3+ f5 39. exf6+ Kxf6 40. Qd8+
Kg6 41. Qe8+ Kh6 42. Nf7+ Kh7 43. Ng5+ Kh6 44. Qh8+ Kg6 45. Qh7+ Kf6 46. Ne4+
Ke7 47. Qxg7+ Kd8 48. Qf8+ Kd7 49. Nc5+ Kc6 50. Qc8+ Kd6 51. Qd7+ 1-0

[Event "Druzynowe Mistrzostwa Polski Juniorow - Ekstraliga 2018"]
[Site "Kudowa-Zdroj"]
[Date "1899-12-30"]
[Round "8.16"]
[White "Bogusz, Alan"]
[Black "Szydlo, Michal"]
[Result "1-0"]
[WhiteTitle "I"]
[BlackTitle "I"]
[WhiteElo "1637"]
[BlackElo "1697"]

1. e4 c5 2. Nf3 d6 3. d4 cxd4 4. Nxd4 Nf6 5. Nc3 a6 6. Bg5 e6 7. f4 Qc7 8. Qe2
Nbd7 9. O-O-O Be7 10. g4 b5 11. a3 Rb8 12. Bxf6 Nxf6 13. g5 Nd7 14. h4 b4 15.
axb4 Rxb4 16. f5 Ne5 17. Bh3 Qb6 18. Nb3 a5 19. fxe6 fxe6 20. Na2 Ba6 21. Qe1
Rxb3 22. cxb3 Kd7 23. Nc3 Rc8 24. Qg3 Rc5 25. Rh2 Qxb3 26. Rf2 a4 27. Rd5 Rxd5
28. Bxe6+ Kc7 29. Nxd5+ Kd8 30. Qxb3 axb3 31. Kd2 Bc4 32. Nf4 h6 33. Bxc4 Nxc4+
34. Kc3 Ne3 35. Rf3 Nd1+ 36. Kxb3 hxg5 37. hxg5 Bxg5 38. Ne6+ 1-0

[Event "Druzynowe Mistrzostwa Polski Juniorow - Ekstraliga 2018"]
[Site "Kudowa-Zdroj"]
[Date "1899-12-30"]
[Round "8.17"]
[White "Koruch, Maria"]
[Black "Jarocka, Liwia"]
[Result "0-1"]
[WhiteTitle "I"]
[BlackTitle "FM"]
[WhiteElo "1714"]
[BlackElo "1984"]

1. e4 c5 2. Nf3 Nc6 3. d4 cxd4 4. Nxd4 g6 5. c4 Bg7 6. Be3 Nf6 7. Nc3 O-O 8. Be2
d6 9. O-O Bd7 10. Rb1 Nxd4 11. Bxd4 Bc6 12. f3 a5 13. c5 dxc5 14. Bxc5 Qc7 15.
Be3 Rfd8 16. Qb3 Nd7 17. Rfd1 Be5 18. g3 a4 19. Qc4 Bxg3 20. hxg3 Qxg3+ 21. Kf1
Ne5 22. Qc5 Nxf3 23. Bxf3 Qxf3+ 24. Ke1 Bxe4 25. Nxe4 Qxe4 26. Rxd8+ Rxd8 27.
Rc1 Rd5 28. Qc8+ Kg7 29. Qc3+ f6 30. Kf2 Rf5+ 31. Ke2 Qg2+ 32. Kd3 Rd5+ 33. Bd4
e5 34. Qc7+ Kh6 35. Rc4 Qxb2 36. Qf7 Rxd4+ 37. Rxd4 Qxd4+ 38. Ke2 e4 39. Qxb7
Qc4+ 40. Ke3 Qd3+ 41. Kf2 e3+ 0-1

[Event "Druzynowe Mistrzostwa Polski Juniorow - Ekstraliga 2018"]
[Site "Kudowa-Zdroj"]
[Date "1899-12-30"]
[Round "8.18"]
[White "Hertlein, Irena"]
[Black "Arciszewska, Zuzanna"]
[Result "1-0"]
[WhiteTitle "I+"]
[BlackTitle "I"]
[WhiteElo "1545"]
[BlackElo "1301"]

1. c4 Nf6 2. g3 d5 3. Bg2 e6 4. Nf3 Bd6 5. O-O O-O 6. d3 Nbd7 7. Nbd2 b6 8. cxd5
exd5 9. b3 Bb7 10. Bb2 Re8 11. Rc1 Rc8 12. Nd4 c5 13. Nf5 Bb8 14. d4 cxd4 15.
Nxd4 Rxc1 16. Qxc1 Qc8 17. Qa1 Be5 18. N2f3 Bd6 19. Nf5 Bf8 20. e3 Qa8 21. Bh3
Qd8 22. Nxg7 Bxg7 23. Bxd7 Qxd7 24. Bxf6 Bf8 25. Bd4 Qg4 26. Ne5 Qh3 27. Rc1 Re6
28. Rc7 Ba6 29. Nxf7 Be2 30. Ng5 Qf5 31. Nxe6 Qxe6 32. Bh8 Qh6 33. Bd4 Bf3 34.
Rxa7 Be4 35. Qd1 Qh3 36. Qf1 Qg4 37. h3 Qf3 38. Kh2 Bd6 39. Qg1 Bb4 40. Ra8+ Kf7
41. Ra7+ Ke6 42. Ra8 Ke7 43. Bg7 Kd7 44. Qf1 Kc6 45. Bh6 Kb7 46. Qa6+ Kc6 47.
Rc8+ Kd7 48. Qb7+ Kd6 49. Rd8+ Ke5 50. Bg7+ Ke6 51. Qd7# Bf8 1-0

[Event "Druzynowe Mistrzostwa Polski Juniorow - Ekstraliga 2018"]
[Site "Kudowa-Zdroj"]
[Date "1899-12-30"]
[Round "8.19"]
[White "Szpar, Milosz"]
[Black "Szczurek, Krzysztof"]
[Result "1-0"]
[WhiteTitle "FM"]
[BlackTitle "FM"]
[WhiteElo "2349"]
[BlackElo "2136"]

1. e4 c5 2. Nf3 d6 3. d4 cxd4 4. Qxd4 Nc6 5. Bb5 Bd7 6. Bxc6 Bxc6 7. Nc3 Nf6 8.
Bg5 e6 9. O-O-O Be7 10. Qd3 Qc7 11. h4 O-O-O 12. Rhe1 d5 13. e5 Ne4 14. Bxe7 Qxe7
15. Qe3 Nxc3 16. Qxc3 Kb8 17. g3 Rc8 18. Nd4 Rc7 19. Kb1 Rhc8 20. Qe3 Ba4 21.
b3 Be8 22. h5 Rc5 23. Rd2 Qc7 24. h6 g6 25. Rc1 a5 26. Kb2 a4 27. c3 Qa5 28. Rdc2
Qd8 29. f4 Qe7 30. b4 Rc4 31. a3 Bd7 32. Nf3 Bb5 33. Qb6 Bc6 34. Nd2 Be8 35. Nxc4
Rxc4 36. Qe3 Bb5 37. Rd1 Rc6 38. g4 Qh4 39. Qf3 Rc4 40. Rh1 Qe7 41. Rhh2 Qc7 42.
Rhe2 Rc6 43. Red2 Ra6 44. Rd4 Rc6 45. Qg3 Bc4 46. Rf2 Bb3 47. Qe3 Qc8 48. Rf3
Ra6 49. Qf2 Qc7 50. Qh4 Rc6 51. Qf6 Ka7 52. Qg7 Rc4 53. Rfd3 Rxd4 54. Rxd4 Qd7
55. Rd2 Qb5 56. Qxf7 Qf1 57. Qf8 b6 58. Qe7+ Ka6 59. Qg5 Qe1 60. f5 Qxe5 61. Rf2
d4 62. Qd2 exf5 63. gxf5 gxf5 64. Qxd4 Qe1 65. Qd3+ Ka7 66. Qxf5 Qe3 67. Qxh7+
Ka6 68. Qf5 Qxh6 69. Qd3+ Ka7 70. Re2 Qf6 71. b5 1-0

[Event "Druzynowe Mistrzostwa Polski Juniorow - Ekstraliga 2018"]
[Site "Kudowa-Zdroj"]
[Date "1899-12-30"]
[Round "8.20"]
[White "Warchol, Bartosz"]
[Black "Mis, Mieszko"]
[Result "0-1"]
[WhiteTitle "I++"]
[BlackTitle "FM"]
[WhiteElo "1950"]
[BlackElo "2291"]

1. d4 Nf6 2. c4 c5 3. d5 e6 4. Nc3 exd5 5. cxd5 d6 6. e4 g6 7. Bd3 Bg7 8. Nge2
O-O 9. Ng3 Re8 10. O-O Na6 11. Re1 Nc7 12. f3 Rb8 13. a4 b6 14. Be3 a6 15. Qd2
b5 16. axb5 axb5 17. Bh6 Bh8 18. h4 Nd7 19. Bg5 Bf6 20. Bxf6 Qxf6 21. Qg5 Qd4+
22. Qe3 Qxe3+ 23. Rxe3 b4 24. Nd1 Ne5 25. Be2 Nb5 26. f4 Ng4 27. Bxg4 Bxg4 28.
Nf2 Bd7 29. e5 Kg7 30. Rae1 c4 31. Re4 Rec8 32. Rc1 Na3 33. bxa3 b3 34. Nd1 c3
35. Nxc3 b2 36. Rb1 Rxc3 37. Ne2 Rc2 38. Kf1 Bf5 39. Rb4 Rxb4 40. axb4 Rxe2 41.
Kxe2 Bxb1 42. exd6 Bf5 0-1

[Event "Druzynowe Mistrzostwa Polski Juniorow - Ekstraliga 2018"]
[Site "Kudowa-Zdroj"]
[Date "1899-12-30"]
[Round "8.21"]
[White "Chyzy, Jakub"]
[Black "Jozefczyk, Szymon"]
[Result "1-0"]
[WhiteTitle "k"]
[BlackTitle "II"]
[WhiteElo "2100"]
[BlackElo "1734"]

1. e4 c6 2. d4 d5 3. e5 c5 4. dxc5 Nc6 5. Nf3 Bg4 6. Bb5 Qa5+ 7. Nc3 e6 8. Be3
Nge7 9. a3 O-O-O 10. b4 Qc7 11. Bxc6 Nxc6 12. Bf4 f6 13. Nb5 Qb8 14. Nd6+ Bxd6
15. exd6 Rd7 16. h3 Bxf3 17. Qxf3 Kd8 18. O-O Ke8 19. c4 dxc4 20. b5 Nd4 21. Qe3
Nxb5 22. Qxe6+ Kd8 23. Qxc4 a6 24. Rfe1 Qc8 25. Re7 Rxe7 26. dxe7+ Kxe7 27. a4
Nc7 28. Bd6+ Kd8 29. Rd1 Ke8 30. Bxc7 Qxc7 31. Qe6+ Qe7 32. Qc8+ 1-0

[Event "Druzynowe Mistrzostwa Polski Juniorow - Ekstraliga 2018"]
[Site "Kudowa-Zdroj"]
[Date "1899-12-30"]
[Round "8.22"]
[White "Swiech, Lukasz"]
[Black "Czernek, Tymon"]
[Result "0-1"]
[WhiteTitle "II"]
[BlackTitle "I++"]
[WhiteElo "1591"]
[BlackElo "1949"]

1. c4 e5 2. Nc3 Nf6 3. g3 c6 4. Bg2 d5 5. cxd5 cxd5 6. e3 Nc6 7. Nge2 d4 8. exd4
exd4 9. Ne4 Nxe4 10. Bxe4 Be7 11. d3 O-O 12. O-O Bg4 13. Bg2 Rb8 14. h3 Bh5 15.
g4 Bg6 16. Nf4 Bd6 17. Nxg6 hxg6 18. a3 a5 19. Bd2 Bc7 20. f4 Qd6 21. Qf3 Rbe8
22. Rae1 g5 23. Re4 Rxe4 24. Qxe4 Nd8 25. Qf5 Ne6 26. Bxa5 Nxf4 27. Bxc7 Qxc7
28. Qe4 Qc2 29. Rf2 Qc1+ 30. Kh2 Qe3 31. Rf1 Rc8 32. Qxb7 Rc2 33. Qb8+ Kh7 34.
Rxf4 gxf4 35. Qb3 Qg3+ 0-1

[Event "Druzynowe Mistrzostwa Polski Juniorow - Ekstraliga 2018"]
[Site "Kudowa-Zdroj"]
[Date "1899-12-30"]
[Round "8.23"]
[White "Swiech, Joanna"]
[Black "Surpeta, Julia"]
[Result "1-0"]
[WhiteTitle "k"]
[BlackTitle "I"]
[WhiteElo "1832"]
[BlackElo "1611"]

1. d4 Nf6 2. c4 c5 3. d5 b5 4. cxb5 e6 5. dxe6 fxe6 6. e3 Bb7 7. Nf3 d5 8. Be2
Bd6 9. O-O O-O 10. b3 Nbd7 11. Bb2 Ne4 12. Nbd2 Ndf6 13. Ne5 Nxd2 14. Qxd2 Ne4
15. Qc2 Qh4 16. f3 d4 17. exd4 cxd4 18. Bxd4 Nf6 19. f4 Ne4 20. Be3 Rac8 21. Bc4
Kh8 22. Qe2 Rf6 23. Qe1 Qh5 24. Be2 Qe8 25. Bd3 Qh5 26. Bxe4 Bxe4 27. Qd1 Rc2
28. Qxh5 Rxg2+ 29. Kh1 Rg5+ 30. Qf3 Bxf3+ 31. Nxf3 Rxb5 32. Rad1 Bc7 33. Rd7 Ba5
34. Rxa7 h6 35. Rg1 1-0

[Event "Druzynowe Mistrzostwa Polski Juniorow - Ekstraliga 2018"]
[Site "Kudowa-Zdroj"]
[Date "1899-12-30"]
[Round "8.24"]
[White "Dylag, Emilia"]
[Black "Wikar, Martyna"]
[Result "1/2-1/2"]
[WhiteTitle "k"]
[BlackTitle "I++"]
[WhiteElo "1989"]
[BlackElo "1955"]

1. d4 d5 2. Bf4 Nf6 3. Nf3 c5 4. e3 Nc6 5. c3 Bg4 6. Nbd2 Ne4 7. Be2 Bxf3 8. Bxf3
g5 9. Bg3 h5 10. Bxe4 dxe4 11. h4 cxd4 12. exd4 g4 13. Nxe4 Qd5 14. Qe2 Rh6 15.
Ng5 Qxg2 16. O-O-O Qd5 17. Kb1 O-O-O 18. Rhe1 Bg7 19. Qc2 Rd7 20. Ne4 b6 21. Qa4
Kb7 22. Be5 Bxe5 23. dxe5 Qe6 24. Rxd7+ Qxd7 25. Qb5 Kc7 26. Qa4 Qf5 27. Qc4 Re6
28. b4 Rxe5 29. a4 Qe6 30. Qxe6 Rxe6 31. Re2 Kd7 32. Rd2+ Kc7 33. Ng3 Re5 34.
Kc2 a6 35. Kb3 e6 36. Kc4 b5+ 37. axb5 axb5+ 38. Kb3 Ne7 39. c4 bxc4+ 40. Kxc4
Ng6 41. Ra2 Kb6 42. Ra5 Rxa5 43. bxa5+ Kxa5 44. Nxh5 Kb6 45. Nf6 Nxh4 46. Nxg4
Kc7 47. Ne5 f6 48. Ng4 f5 49. Ne5 Kd6 50. Kd4 Ng2 51. Nc4+ Ke7 52. Ke5 Ne1 53.
Nb2 Nf3+ 54. Kf4 Nd4 55. Ke3 Nc6 56. f4 Kd6 57. Nc4+ Kc5 58. Nb2 Nb4 59. Na4+
Kb5 60. Nb2 Nc2+ 61. Kd3 Nb4+ 62. Kd4 Nc6+ 63. Kd3 Kb4 64. Ke3 Kb3 65. Nd3 Kc4
66. Nb2+ Kd5 67. Na4 Na5 68. Nb6+ Kc5 69. Nd7+ Kc4 70. Nb6+ Kc3 71. Nd7 Nc4+ 72.
Kf3 Nd2+ 73. Ke2 Nb3 74. Ke3 Nd4 75. Nf8 Kc4 76. Ng6 Nc2+ 77. Kd2 Nb4 78. Nf8
Kd5 79. Ke3 Kd6 80. Ng6 Nd5+ 81. Kd4 Ne7 82. Nf8 Nc6+ 83. Ke3 Ke7 84. Nh7 Nd8
85. Kd4 Nf7 86. Kc5 e5 87. fxe5 Nxe5 88. Kd4 Ng4 89. Ng5 Kf6 90. Ne4+ Kg6 91.
Nd6 f4 92. Ke4 Kg5 93. Nf7+ Kf6 94. Kxf4 Kxf7 95. Kxg4 1/2-1/2

[Event "Druzynowe Mistrzostwa Polski Juniorow - Ekstraliga 2018"]
[Site "Kudowa-Zdroj"]
[Date "1899-12-30"]
[Round "8.25"]
[White "Pacan-milej, Kosma"]
[Black "Gumularz, Szymon"]
[Result "1/2-1/2"]
[WhiteTitle "FM"]
[BlackTitle "IM"]
[WhiteElo "2282"]
[BlackElo "2461"]

1. e4 g6 2. d4 Bg7 3. Nc3 a6 4. f4 d5 5. e5 Nh6 6. Nf3 Nc6 7. Be2 f6 8. O-O Bg4
9. h3 Bxf3 10. Bxf3 e6 11. g4 O-O 12. Be3 fxe5 13. fxe5 Nf7 14. Qd2 Na5 15. b3
c5 16. Ne2 Nc6 17. c3 Qa5 18. a3 cxd4 19. cxd4 Qxd2 20. Bxd2 Bh6 21. Bxh6 Nxh6
22. b4 g5 23. Rad1 Nf7 24. Ng3 Nh8 25. Nh5 Ng6 26. Nf6+ Kg7 27. Rf2 Rf7 28. Bg2
Nce7 29. Nh5+ Kg8 30. Nf6+ Kg7 31. Nh5+ Kg8 32. Nf6+ Kg7 33. Nh5+ Kg8 1/2-1/2

[Event "Druzynowe Mistrzostwa Polski Juniorow - Ekstraliga 2018"]
[Site "Kudowa-Zdroj"]
[Date "1899-12-30"]
[Round "8.26"]
[White "Czopor, Maciej"]
[Black "Raclawicki, Kacper"]
[Result "0-1"]
[WhiteTitle "k"]
[BlackTitle "I"]
[WhiteElo "2217"]
[BlackElo "1799"]

1. e4 c5 2. Nf3 e6 3. d4 cxd4 4. Nxd4 Qb6 5. Nb3 Nf6 6. Bd3 d5 7. exd5 Nxd5 8.
O-O Bd6 9. Qg4 O-O 10. c4 Nf6 11. Qe2 Nbd7 12. Nc3 a6 13. g4 Nc5 14. Nxc5 Qxc5
15. g5 Ne8 16. Ne4 Qc6 17. f4 b6 18. Be3 Bb7 19. Qh5 f5 20. gxf6 Nxf6 21. Nxf6+
Rxf6 22. Qxh7+ Kf7 23. Qh5+ Ke7 24. Qg5 Qh1+ 25. Kf2 Qf3+ 26. Kg1 Qxe3+ 27. Rf2
Qxd3 0-1

[Event "Druzynowe Mistrzostwa Polski Juniorow - Ekstraliga 2018"]
[Site "Kudowa-Zdroj"]
[Date "1899-12-30"]
[Round "8.27"]
[White "Czernecki, Andrzej"]
[Black "Fiedorek, Michal"]
[Result "0-1"]
[WhiteTitle "II+"]
[BlackTitle "I"]
[WhiteElo "1472"]
[BlackElo "2066"]

1. e4 c5 2. Nf3 d6 3. d4 cxd4 4. Nxd4 Nf6 5. Nc3 Nc6 6. Bg5 e6 7. Bb5 Bd7 8. Bxc6
bxc6 9. Qf3 Rc8 10. Bxf6 Qxf6 11. Qxf6 gxf6 12. O-O-O h5 13. Rhe1 Ke7 14. Kb1
Bh6 15. Nb3 e5 16. Na5 Rhg8 17. Rg1 Ke6 18. Rd3 Be8 19. Rh3 Rg5 20. g4 d5 21.
Rxh5 Rxh5 22. gxh5 dxe4 23. Nxe4 f5 24. Nc5+ Kd5 25. Nab3 e4 26. Rg8 Bf4 27. Na4
Bd7 28. Rxc8 Bxc8 29. Nc3+ Ke5 30. Ne2 Bh6 31. Nc5 f4 32. c3 Bg4 33. Nd4 Bxh5
34. Nd7+ Kd6 35. Nf6 Bg6 36. Kc1 e3 37. f3 c5 38. Ne2 Bg5 39. Ne8+ Kd7 40. h4
Bxh4 41. Nxf4 Kxe8 42. Ng2 Bf2 43. Nf4 Bg3 44. Ne2 Bd6 45. Kd1 Bh5 46. Ng1 Bh2
47. Ne2 Bxf3 48. Ke1 Bxe2 49. Kxe2 Bf4 50. b4 cxb4 51. cxb4 Kd7 0-1

[Event "Druzynowe Mistrzostwa Polski Juniorow - Ekstraliga 2018"]
[Site "Kudowa-Zdroj"]
[Date "1899-12-30"]
[Round "8.28"]
[White "Luberanski, Jakub"]
[Black "Matela, Krzysztof"]
[Result "1/2-1/2"]
[WhiteTitle "I"]
[BlackTitle "I"]
[WhiteElo "1762"]
[BlackElo "1734"]

1. e4 c5 2. Nf3 e6 3. d4 cxd4 4. Nxd4 Qb6 5. Nc3 Bc5 6. Na4 Qa5+ 7. c3 Bxd4 8.
Qxd4 Nf6 9. Nc5 O-O 10. Nb3 Qc7 11. Bg5 Nc6 12. Qe3 Ne8 13. Be2 b6 14. O-O Bb7
15. f4 f6 16. Bh4 Nd6 17. Rad1 Ne7 18. Qd4 Nxe4 19. Qxd7 Qxd7 20. Rxd7 Ng6 21.
Rxb7 Nxh4 22. Bc4 Rfe8 23. Rd1 Nf5 24. Rbd7 Ne3 25. Re1 Nxc4 26. Rxe4 b5 27. Nd2
Nxb2 28. Rb4 Na4 29. Rxb5 Red8 30. Rxd8+ Rxd8 31. Ne4 f5 32. Rb4 Nb6 33. Ng5 Rd6
34. Rd4 Rxd4 35. cxd4 Nd5 36. Nxe6 Kf7 37. Ng5+ Ke7 38. g3 Nc3 39. a3 Ne2+ 40.
Kf2 Nxd4 41. Nxh7 a5 42. Ke3 Nc2+ 43. Kd3 Nxa3 44. Kc3 Nb5+ 45. Kb3 Nd4+ 46. Ka4
Nf3 47. h3 Ng1 48. Ng5 Ne2 49. g4 fxg4 50. hxg4 Nxf4 51. Kxa5 Kf6 52. Nf3 Nd3
53. g5+ Kf5 54. Nd4+ Ke5 55. Nc6+ Kf4 56. Nd4 Ke5 57. Nc6+ Kd6 58. Nd4 g6 59.
Nf3 Ne5 60. Nh4 Nf7 61. Nxg6 1/2-1/2

[Event "Druzynowe Mistrzostwa Polski Juniorow - Ekstraliga 2018"]
[Site "Kudowa-Zdroj"]
[Date "1899-12-30"]
[Round "8.29"]
[White "Sowa, Wiktoria"]
[Black "Harazinska, Magdalena"]
[Result "0-1"]
[WhiteTitle "k"]
[BlackTitle "k"]
[WhiteElo "1952"]
[BlackElo "1997"]

1. e4 c5 2. Nf3 e6 3. d4 cxd4 4. Nxd4 Qb6 5. Nb3 a6 6. Bd3 d6 7. O-O Nf6 8. Nc3
Be7 9. Be3 Qc7 10. f4 Nbd7 11. Qf3 O-O 12. Rae1 b5 13. a3 Bb7 14. g4 Nb6 15. g5
Nfd7 16. Qh5 g6 17. Qg4 Nc4 18. Bxc4 bxc4 19. Nd2 Rfe8 20. Rf3 d5 21. Rh3 Bc5
22. Qh4 h5 23. Qf2 Bxe3 24. Qxe3 Qc5 25. Qxc5 Nxc5 26. b4 cxb3 27. Nxb3 Nxe4 28.
Nxe4 dxe4 29. Nc5 Re7 30. Rc3 Rc8 31. Nxe4 Rxc3 32. Nxc3 Rc7 33. Ne4 Rxc2 34.
Nf6+ Kf8 35. Rd1 Bc6 36. Rd8+ Ke7 37. Rd4 Rg2+ 38. Kf1 e5 39. Rc4 Bb5 40. Kxg2
Bxc4 41. Kf3 exf4 42. Kxf4 Kd6 43. Ne4+ Kd5 44. Ke3 Bb5 45. h4 Kc4 46. Nd6+ Kb3
47. Nxf7 Kxa3 48. Ne5 Be8 49. Kd4 Kb3 50. Nc4 Bd7 51. Kc5 Kc3 52. Nb6 Bf5 53.
Nc4 Kd3 54. Kd5 Ke2 55. Nd6 Bb1 56. Ke5 Kf3 57. Kf6 Kg4 58. Nf7 a5 59. Ne5+ Kxh4
60. Nxg6+ Kg3 61. Ne5 a4 62. Nc4 h4 63. g6 Bxg6 64. Kxg6 h3 65. Ne3 h2 66. Nf1+
Kg2 67. Nxh2 Kxh2 0-1

[Event "Druzynowe Mistrzostwa Polski Juniorow - Ekstraliga 2018"]
[Site "Kudowa-Zdroj"]
[Date "1899-12-30"]
[Round "8.30"]
[White "Pawicka, Magdalena"]
[Black "Starosta, Martyna"]
[Result "1/2-1/2"]
[WhiteTitle "I"]
[BlackTitle "WCM"]
[WhiteElo "1718"]
[BlackElo "1740"]

1. e4 e5 2. Nf3 Nc6 3. d4 exd4 4. Nxd4 Nf6 5. Nc3 Bb4 6. Nxc6 bxc6 7. Bd3 d5 8.
exd5 cxd5 9. O-O O-O 10. Bg5 c6 11. Qf3 Bd6 12. Bxf6 Qxf6 13. Qxf6 gxf6 14. Ne2
Rb8 15. b3 c5 16. Rad1 Be6 17. Ng3 Be5 18. f4 Bd4+ 19. Kh1 Bd7 20. Nf5 Bxf5 21.
Bxf5 Kh8 22. Rf3 Rfe8 23. Rh3 Re3 24. Rxh7+ Kg8 25. Rh3 Rbe8 26. Rxe3 Rxe3 27.
Bd3 Bc3 28. Kg1 Re1+ 29. Rxe1 Bxe1 30. Kf1 Bd2 31. g3 Be3 32. Ke2 d4 33. Kf3 Kg7
34. Ke4 Bd2 35. g4 Be1 36. Kf5 Bh4 37. Bc4 Bf2 38. g5 fxg5 39. fxg5 Be1 40. Bd3
Bf2 41. Kg4 f6 42. g6 Be3 43. h4 Bd2 44. Kf5 a5 45. Ke6 Be1 46. h5 Bd2 47. Kd5
Bb4 48. Kc4 Kh6 49. Bf5 Kg7 50. Kb5 Kh6 51. Ka4 Bd2 52. a3 Bc1 53. Kxa5 Bxa3 54.
Kb5 Kg7 55. Kc6 Bb4 56. Kb6 Ba3 57. Kb5 Bb4 58. Kc6 Ba3 59. Kd5 Bb4 60. Ke6 Bd2
61. Ke7 Bc1 62. Kd6 Ba3 63. Kd5 Bb4 64. Ke4 Bd2 65. Bg4 Bb4 66. Bd1 Bd2 67. Kf5
Bc1 68. Ke4 Bd2 69. Kd3 Bb4 70. Kc4 Ba3 71. Kb5 Bb4 72. Ka4 Bd2 73. Ka3 Bb4+ 1/2-1/2

[Event "Druzynowe Mistrzostwa Polski Juniorow - Ekstraliga 2018"]
[Site "Kudowa-Zdroj"]
[Date "1899-12-30"]
[Round "9.1"]
[White "Gumularz, Szymon"]
[Black "Lukasiewicz, Krzysztof"]
[Result "1/2-1/2"]
[WhiteTitle "IM"]
[BlackTitle "k"]
[WhiteElo "2461"]
[BlackElo "2247"]

1. c4 e5 2. Nc3 Nf6 3. Nf3 Nc6 4. e4 g6 5. d4 exd4 6. Nxd4 d6 7. Be2 Bg7 8. Be3
O-O 9. O-O Bd7 10. Qd2 Re8 11. f3 a5 12. Ndb5 Nb4 13. Rfd1 Bc6 14. Rac1 Qd7 15.
Bf1 b6 16. b3 Na6 17. a3 Nc5 18. Qc2 Qc8 19. b4 Ne6 20. Nd5 Qb7 21. Qb3 axb4 22.
axb4 Bxb5 23. Nxf6+ Bxf6 24. cxb5 Qa7 25. Bc4 Qa3 26. Kf2 Re7 27. Rd3 Qxb3 28.
Bxb3 Ra7 29. Rc2 Re8 30. Bd5 Kg7 31. Rdd2 Re7 1/2-1/2

[Event "Druzynowe Mistrzostwa Polski Juniorow - Ekstraliga 2018"]
[Site "Kudowa-Zdroj"]
[Date "1899-12-30"]
[Round "9.2"]
[White "Sernecki, Franciszek"]
[Black "Czopor, Maciej"]
[Result "1-0"]
[WhiteTitle "I+"]
[BlackTitle "k"]
[WhiteElo "2175"]
[BlackElo "2217"]

1. d4 Nf6 2. Nf3 e6 3. e3 d5 4. c4 Bb4+ 5. Nbd2 O-O 6. a3 Bd6 7. Bd3 Nbd7 8. O-O
c5 9. b3 Qc7 10. Bb2 cxd4 11. exd4 dxc4 12. bxc4 b6 13. Qe2 Bb7 14. Rac1 Rac8
15. Rfe1 Rfe8 16. Bb1 Qb8 17. Ne5 Nf8 18. f4 Ng6 19. Rf1 Qa8 20. Rc3 b5 21. c5
Nd5 22. Rcf3 Be7 23. Rh3 Rc7 24. Nxg6 hxg6 25. Bxg6 Bf6 26. Bd3 Bc6 27. Ne4 Kf8
28. Nd6 Ke7 29. Nxe8 Qxe8 30. f5 a6 31. fxe6 fxe6 32. Bf5 Kd7 33. Bg4 Rc8 34.
Rhf3 Qe7 35. Re1 Re8 36. Rff1 Nc7 37. Qd2 Qf7 38. Rf2 Bd5 39. Bc3 Bc4 40. Ba5
Nd5 41. Bf3 Kc6 42. Qf4 Qd7 43. Qe4 Qe7 44. Bh5 Rh8 45. Bg4 e5 46. dxe5 Bg5 47.
Qg6+ Kxc5 48. Rf7 Rh6 49. Bb4+ Nxb4 50. axb4+ Kxb4 51. Qb1+ 1-0

[Event "Druzynowe Mistrzostwa Polski Juniorow - Ekstraliga 2018"]
[Site "Kudowa-Zdroj"]
[Date "1899-12-30"]
[Round "9.3"]
[White "Fiedorek, Michal"]
[Black "Kosior, Jan"]
[Result "1-0"]
[WhiteTitle "I"]
[BlackTitle "II"]
[WhiteElo "2066"]
[BlackElo "1466"]

1. e4 e5 2. Bc4 Nf6 3. d3 Bc5 4. Nf3 d6 5. c3 h6 6. h3 O-O 7. O-O Bb6 8. Re1 Re8
9. a4 a5 10. Nbd2 Be6 11. Bxe6 fxe6 12. Nc4 Nbd7 13. Nxb6 Nxb6 14. d4 exd4 15.
Nxd4 d5 16. e5 Ne4 17. Qg4 Kh8 18. Nxe6 Qd7 19. Nf4 Qxg4 20. hxg4 g5 21. Nd3 Nd7
22. Be3 b6 23. Rad1 c6 24. f3 Nec5 25. Bxc5 bxc5 26. e6 Nf8 27. Nxc5 Re7 28. Re2
Kg7 29. g3 Kf6 30. Rde1 Rd8 31. Kf2 Rd6 32. Rd2 Kg7 33. f4 Nxe6 34. f5 Nxc5 35.
Rxe7+ Kf6 36. Rh7 Ne4+ 37. Ke2 Nxd2 38. Rxh6+ Ke7 39. Rh7+ Kf8 40. Kxd2 d4 41.
Rh5 d3 42. Rxg5 c5 43. Rg6 Rd5 44. b3 Rd7 45. Rc6 Rg7 46. Rxc5 Rxg4 47. Kxd3 Rxg3+
48. Ke4 1-0

[Event "Druzynowe Mistrzostwa Polski Juniorow - Ekstraliga 2018"]
[Site "Kudowa-Zdroj"]
[Date "1899-12-30"]
[Round "9.4"]
[White "Wieczorek, Mikolaj"]
[Black "Luberanski, Jakub"]
[Result "1/2-1/2"]
[WhiteTitle "I"]
[BlackTitle "I"]
[WhiteElo "1651"]
[BlackElo "1762"]

1. e4 c5 2. Nf3 e6 3. d4 cxd4 4. Nxd4 Nf6 5. Nc3 d6 6. g4 h6 7. h4 Nc6 8. Rg1 h5
9. gxh5 Nxh5 10. Bg5 Nf6 11. Qd2 Qb6 12. O-O-O Nxd4 13. Qxd4 Qxd4 14. Rxd4 a6
15. Be2 Bd7 16. Rgd1 O-O-O 17. f4 Be7 18. Bf3 Bc6 19. a4 Kc7 20. Rc4 Kb8 21. Rcd4
Ng8 22. Bxe7 Nxe7 23. h5 Kc7 24. Rg1 Rh7 25. b4 g6 26. b5 axb5 27. axb5 Be8 28.
hxg6 Nxg6 29. e5 dxe5 30. b6+ Kc8 31. Bxb7+ Kxb7 32. Rxd8 Bc6 33. fxe5 Nxe5 34.
Rg5 f6 35. Rg1 Nd7 36. Re1 e5 37. Rd1 Nxb6 38. R8d6 f5 39. Rf6 Nc4 40. Rxf5 Ne3
41. Rxe5 Nxd1 42. Kxd1 Rh2 43. Kc1 Kb6 44. Kb2 Rg2 45. Nd5+ Bxd5 46. Rxd5 Kc6
47. Re5 Rg3 48. c3 Rg4 49. Kb3 Rh4 50. c4 Rh3+ 51. Kb4 Rh4 52. Re6+ Kc7 53. Kb5
Kd7 54. Rg6 Kc7 55. c5 Rh1 56. Rg7+ Kc8 57. Kb6 Rb1+ 58. Kc6 Kb8 59. Rg8+ Ka7
60. Kd6 Rh1 61. Rd8 Ka6 62. Kc6 Rh6+ 63. Rd6 Rh7 64. Rf6 Ka7 65. Kd6 Kb7 66. Re6
Rc7 67. Re3 Rc6+ 68. Kd5 Rh6 69. Re7+ Kc8 70. c6 Rh5+ 71. Kd6 Rh6+ 72. Kc5 Rh1
73. Re8+ Kc7 74. Re7+ Kc8 75. Kb6 Rb1+ 76. Kc5 Rc1+ 77. Kd6 Rd1+ 78. Kc5 Rc1+
1/2-1/2

[Event "Druzynowe Mistrzostwa Polski Juniorow - Ekstraliga 2018"]
[Site "Kudowa-Zdroj"]
[Date "1899-12-30"]
[Round "9.5"]
[White "Harazinska, Magdalena"]
[Black "Frej, Zofia"]
[Result "1/2-1/2"]
[WhiteTitle "k"]
[BlackTitle "k"]
[WhiteElo "1997"]
[BlackElo "1938"]

1. Nf3 d5 2. d4 e6 3. g3 Nf6 4. Bg2 Be7 5. O-O O-O 6. c4 dxc4 7. Qa4 c5 8. Qxc4
Nbd7 9. dxc5 Bxc5 10. b4 Be7 11. Bb2 Nd5 12. a3 Bf6 13. Bxf6 Qxf6 14. Nbd2 N7b6
15. Qb3 Bd7 16. Ne4 Qe7 17. Nc5 Bb5 18. Nd4 Bc4 19. Qb2 Rab8 20. Rfd1 Rfd8 21.
Rac1 Qe8 22. Rd2 Bb5 23. Nxb5 Qxb5 24. Rdc2 h6 25. Qe5 Nf6 26. e4 Nbd7 27. Nxd7
Qxd7 28. Rc7 Qd2 29. h3 Ne8 30. R7c2 Qd3 31. Rc3 Qe2 32. Bf1 Qb2 33. R1c2 Qa1
34. Rc1 Qb2 35. R1c2 Qa1 36. Qd4 1/2-1/2

[Event "Druzynowe Mistrzostwa Polski Juniorow - Ekstraliga 2018"]
[Site "Kudowa-Zdroj"]
[Date "1899-12-30"]
[Round "9.6"]
[White "Scisla, Oliwia"]
[Black "Pawicka, Magdalena"]
[Result "0-1"]
[WhiteTitle "I+"]
[BlackTitle "I"]
[WhiteElo "1345"]
[BlackElo "1718"]

1. e4 c5 2. Nc3 Nc6 3. g3 g6 4. Bg2 Bg7 5. d3 d6 6. Be3 e6 7. Qd2 Nd4 8. Nf3 Rb8
9. O-O Ne7 10. h4 O-O 11. Bh6 Nec6 12. Nh2 b5 13. Bxg7 Kxg7 14. Ng4 b4 15. Nd1
f5 16. exf5 exf5 17. Qh6+ Kh8 18. Nge3 Bb7 19. h5 g5 20. c3 Ne2+ 21. Kh2 f4 22.
Be4 Rf7 23. Nf5 Ne5 24. Qxd6 fxg3+ 25. Kg2 Bxe4+ 26. dxe4 Nf4+ 27. Kxg3 Nxh5+
28. Kh2 Qxd6 29. Nxd6 Rf3 30. Ne3 Nf4 31. Nef5 Rh3+ 32. Kg1 Nf3# 0-1